Get through MRCPCH part 1: best of fives and extended matching questions (Record no. 31538)

MARC details
000 -LEADER
fixed length control field 00758nam a2200193 a 4500
008 - FIXED-LENGTH DATA ELEMENTS--GENERAL INFORMATION
fixed length control field 120221s2006 ||||||||||||||||| || u
020 ## - INTERNATIONAL STANDARD BOOK NUMBER
International Standard Book Number 1853156582
050 ## - LIBRARY OF CONGRESS CALL NUMBER
Classification number RJ 48.2 Bar
100 ## - MAIN ENTRY--PERSONAL NAME
Personal name Barakat, Nagi Giumma
245 10 - TITLE STATEMENT
Title Get through MRCPCH part 1: best of fives and extended matching questions
Statement of responsibility, etc. by Nagi Giumma Barakat
260 ## - PUBLICATION, DISTRIBUTION, ETC.
Place of publication, distribution, etc. London:
Name of publisher, distributor, etc. Royal Society of Medicine Press
Date of publication, distribution, etc. 2006
300 ## - PHYSICAL DESCRIPTION
Extent ix, 246p.: ill.
350 ## -
-- 0.00
490 ## -
-- Get Through
500 ## - GENERAL NOTE
General note Bibliography
650 #0 - SUBJECT ADDED ENTRY--TOPICAL TERM
Topical term or geographic name entry element PEDIATRICS
650 ## - SUBJECT ADDED ENTRY--TOPICAL TERM
Topical term or geographic name entry element PEDIATRICS--EXAMINATIONS, QUESTIONS, ETC
995 ## -
-- MEDICAL LIBRARY OPEN ACCESS
-- 901602
-- CBU-SCHOOL OF MEDICINE LIBRARY (Ndola)
-- 0.00
-- RJ 48.2 Bar
-- 1
-- AVAILABLE
-- Jun 26, 2012
-- 901602
-- Medical Library Open Access Collection
999 ## -
-- 31538
-- 31538
Holdings
Withdrawn status Lost status Source of classification or shelving scheme Damaged status Not for loan Permanent Location Current Location Shelving location Date acquired Total Checkouts Full call number Barcode Date last seen Price effective from Koha item type
          CBU-SCHOOL OF MEDICINE LIBRARY, NDOLA. CBU-SCHOOL OF MEDICINE LIBRARY, NDOLA.   11/30/2022   RJ 48.2 Bar 901602 11/30/2022 11/30/2022 MONOGRAPH